[Event "Michigan Action"]
[Site "Detroit, MI"]
[Date "1999.12.18"]
[Round "3"]
[White "Horwood, Rob"]
[Black "Conner, Lloyd"]
[Result "1-0"]
[WhiteElo "1096"]
[BlackElo "623"]
[PlyCount "71"]
[EventDate "1999.12.18"]

1. e4 c5 2. Bc4 Nc6 3. Nf3 d6 4. Ng5 e6 5. Qf3 Qxg5 6. Nc3 Nf6 7. d3 Qg4 8.
Qxg4 Nxg4 9. Nb5 Rb8 10. Nc7+ Kd8 11. Nb5 a6 12. Nc3 b5 13. Bb3 Nd4 14. O-O a5
15. a4 bxa4 16. Bxa4 d5 17. exd5 exd5 18. Nxd5 Be6 19. Nf4 Rb4 20. c3 Rb6 21.
cxd4 cxd4 22. Bd1 Ne5 23. Rxa5 Bd6 24. Ra8+ Bb8 25. Nxe6+ fxe6 26. Bf4 Nd7 27.
Bg5+ Kc8 28. Bg4 Re8 29. Rb1 h6 30. Bf4 g5 31. Bg3 Nf6 32. Bf3 g4 33. Rc1+ Kd7
34. Bxb8 Rexb8 35. Ra7+ Kd8 36. Be2 1-0

[Event "Michigan Action"]
[Site "Detroit, MI"]
[Date "1999.12.18"]
[Round "1"]
[White "Horwood, Rob"]
[Black "Almasy, Roy"]
[Result "1-0"]
[WhiteElo "1096"]
[BlackElo "809"]
[PlyCount "67"]
[EventDate "1999.12.18"]

1. e4 e5 2. Nf3 Nc6 3. Bc4 h6 4. d3 Nf6 5. O-O Bc5 6. h3 O-O 7. Nc3 d6 8. Nd5
Nxd5 9. Bxd5 Nd4 10. Nxd4 Bxd4 11. c3 Bb6 12. d4 exd4 13. cxd4 Be6 14. Qb3 Qf6
15. Bxe6 fxe6 16. Be3 Rae8 17. d5 Bxe3 18. fxe3 Qe5 19. Rxf8+ Kxf8 20. Rf1+ Kg8
21. dxe6 Rxe6 22. Rf4 b6 23. Kf2 Kh7 24. Kf3 Rf6 25. Qc2 Qh5+ 26. Kg3 Rg6+ 27.
Kh2 Qg5 28. Rg4 Qe5+ 29. g3 Rxg4 30. hxg4 Qg5 31. e5+ Kg8 32. Qc4+ Kf8 33. Qf4+
Qxf4 34. gxf4 1-0

[Event "Michigan Women's"]
[Site "Detroit, MI"]
[Date "1999.12.18"]
[Round "3"]
[White "Horne, Terese"]
[Black "Trice, Shevonne"]
[Result "1/2-1/2"]
[WhiteElo "740"]
[BlackElo "876"]
[PlyCount "34"]
[EventDate "1999.12.18"]

1. e4 e5 2. Nf3 Nc6 3. Nc3 Nf6 4. Bc4 Bc5 5. d3 O-O 6. Bg5 d6 7. Nd5 Bg4 8.
Nxf6+ gxf6 9. Be3 Bxe3 10. fxe3 f5 11. exf5 Bxf5 12. Qd2 e4 13. dxe4 Bxe4 14.
Bd5 Qe7 15. Bxe4 Qxe4 16. Qd3 Qe7 17. h3 Nb4 {[Remainder illegble]} 1/2-1/2

[Event "Michigan Women's"]
[Site "Detroit, MI"]
[Date "1999.12.18"]
[Round "4"]
[White "Horne, Terese"]
[Black "Sturdivant, Ashley"]
[Result "1-0"]
[WhiteElo "740"]
[BlackElo "774"]
[PlyCount "56"]
[EventDate "1999.12.18"]

1. e4 e6 2. Nf3 d5 3. exd5 exd5 4. Qe2+ Be7 5. Qd1 Nf6 6. d4 Nc6 7. Bb5 Bd7 8.
Nc3 a6 9. Bxc6 Bxc6 10. O-O O-O 11. Bg5 Re8 12. Re1 h6 13. Bxf6 Bxf6 14. Rxe8+
Qxe8 15. Qe1 Qxe1+ 16. Rxe1 Rd8 17. Kf1 g5 18. Ne5 Bxe5 19. Rxe5 f6 20. Re7 Bd7
21. a4 c6 22. b3 Rb8 23. Rxd7 b5 24. Ra7 b4 25. Ne2 Rb6 26. a5 Rb5 27. Rxa6 c5
28. Ra8+ Kg7 {[Remainder illegible]} 1-0

[Event "Michigan Women's"]
[Site "Detroit, MI"]
[Date "1999.12.18"]
[Round "1"]
[White "Horne, Terese"]
[Black "Jackson, Katrina"]
[Result "0-1"]
[WhiteElo "740"]
[BlackElo "1285"]
[PlyCount "98"]
[EventDate "1999.12.18"]

1. e4 e6 2. d4 d5 3. e5 c5 4. c3 Nc6 5. Bb5 cxd4 6. cxd4 Qa5+ 7. Nc3 Bb4 8.
Bxc6+ bxc6 9. Bd2 Ne7 10. Nf3 Ba6 11. Ne2 Bxe2 12. Qxe2 Nf5 13. Bxb4 Qxb4+ 14.
Qd2 Rb8 15. Qxb4 Rxb4 16. O-O Nxd4 17. Nxd4 Rxd4 18. Rac1 Kd7 19. Rcd1 Re4 20.
Rfe1 Rxe1+ 21. Rxe1 f6 22. f4 fxe5 23. fxe5 c5 24. b3 Rf8 25. Rf1 Rxf1+ 26.
Kxf1 d4 27. Ke2 Kc6 28. Kd3 Kd5 29. a3 Kxe5 30. g3 Kd5 31. a4 e5 32. h3 e4+ 33.
Kc2 a5 34. h4 Ke5 35. Kd2 Kf5 36. Kc2 Kg4 37. Kd2 Kxg3 38. Ke2 Kxh4 39. Kf2 g5
40. Kg2 g4 41. Kf2 Kh3 42. Ke2 g3 43. Kd2 g2 44. Ke2 g1=Q 45. Kd2 Qg2+ 46. Kc1
e3 47. b4 axb4 48. a5 d3 49. Kd1 e2+ 0-1

[Event "Michigan Action"]
[Site "Detroit, MI"]
[Date "1999.12.18"]
[Round "6"]
[White "Hooker, Larry"]
[Black "Steen, Harold"]
[Result "1-0"]
[WhiteElo "1409"]
[BlackElo "1706"]
[PlyCount "46"]
[EventDate "1999.12.18"]

1. e4 c5 2. f4 e6 3. Nc3 a6 4. Nf3 Nc6 5. Be2 d6 6. O-O Be7 7. d4 cxd4 8. Nxd4
Qb6 9. Be3 Qxb2 10. Na4 Qb4 11. c3 Qa5 12. Nxc6 bxc6 13. Bb6 Qxa4 14. Qxa4 Bd7
15. c4 Nf6 16. e5 dxe5 17. fxe5 Ne4 18. Qc2 Nc5 19. Rad1 Rb8 20. Bxc5 Bxc5+ 21.
Kh1 Rd8 22. Rd3 Ke7 23. Rfd1 Bb4 1-0

[Event "Michigan Action"]
[Site "Detroit, MI"]
[Date "1999.12.18"]
[Round "4"]
[White "Hooker, Larry"]
[Black "Jarrett, Thomas"]
[Result "1-0"]
[WhiteElo "1409"]
[BlackElo "953"]
[PlyCount "69"]
[EventDate "1999.12.18"]

1. e4 e5 2. Nf3 d6 3. d4 exd4 4. Nxd4 Nf6 5. Nc3 Be7 6. b3 Bd7 7. Be2 Nc6 8.
O-O O-O 9. Bb2 Nxd4 10. Qxd4 c5 11. Qe3 Bc6 12. f4 d5 13. exd5 Nxd5 14. Nxd5
Qxd5 15. Bf3 Qf5 16. Qxe7 Rfe8 17. Qg5 Qxg5 18. fxg5 Bxf3 19. Rxf3 Re2 20. Rf2
Rxf2 21. Kxf2 Rd8 22. Bc3 g6 23. Re1 Kf8 24. Bf6 Rd2+ 25. Re2 Rxe2+ 26. Kxe2
Ke8 27. Kd3 Kd7 28. a4 a6 29. c3 b5 30. axb5 axb5 31. c4 b4 32. Ke4 Ke6 33. Bg7
Kd6 34. Bf8+ Kc6 35. Ke5 1-0

[Event "Michigan Action"]
[Site "Detroit, MI"]
[Date "1999.12.18"]
[Round "2"]
[White "Hooker, Larry"]
[Black "Bainbridge, Chris"]
[Result "1/2-1/2"]
[WhiteElo "1409"]
[BlackElo "959"]
[PlyCount "67"]
[EventDate "1999.12.18"]

1. e4 e6 2. d4 d5 3. e5 c5 4. c3 cxd4 5. cxd4 Nc6 6. Nf3 Bb4+ 7. Nc3 Nge7 8.
Bb5 Qb6 9. Bxc6+ Nxc6 10. a3 Be7 11. O-O O-O 12. Rb1 f6 13. Bf4 a6 14. Qd2 Bd7
15. Ne2 Rac8 16. Rfe1 Na5 17. Nc3 Nb3 18. Qd1 Rc4 19. exf6 Bxf6 20. Ne5 Bxe5
21. Bxe5 Nxd4 22. b3 Rxc3 23. Bxd4 Qc6 24. Bxc3 Qxc3 25. Qc1 Qf6 26. Qc2 e5 27.
f3 Bf5 28. Qc5 Bxb1 29. Qxd5+ Qf7 30. Qxf7+ Rxf7 31. Rxb1 Rc7 32. Rb2 b5 33.
Kf2 Kf7 34. Re2 1/2-1/2

[Event "Kalamazoo December Mini-Swiss.2"]
[Site "Kalamazoo, MI"]
[Date "1999.12.18"]
[Round "2"]
[White "Higgins, Richard"]
[Black "Ringler, Dave"]
[Result "0-1"]
[WhiteElo "1175"]
[BlackElo "1127"]
[PlyCount "56"]
[EventDate "1999.12.18"]

1. e4 c5 2. d4 cxd4 3. c3 d6 4. cxd4 Nf6 5. Nc3 g6 6. Bc4 Bg7 7. Nf3 O-O 8. Qb3
Nc6 9. Ng5 d5 10. exd5 Na5 11. Qb4 Nxc4 12. Qxc4 a6 13. O-O b5 14. Qb3 Bb7 15.
Be3 Nxd5 16. Rac1 Nxe3 17. fxe3 e6 18. Rxf7 Qxg5 19. Rxf8+ Rxf8 20. Qxe6+ Kh8
21. Qh3 Bxd4 22. Kh1 Bxe3 23. Re1 Rf2 24. Rg1 Rxb2 25. Ne4 Bxe4 26. Qc8+ Kg7
27. Qc7+ Kh6 28. Qg3 Qxg3 0-1

[Event "Kalamazoo December Mini-Swiss.2"]
[Site "Kalamazoo, MI"]
[Date "1999.12.18"]
[Round "3"]
[White "Higgins, Richard"]
[Black "Grovenburgh, Norm"]
[Result "1-0"]
[WhiteElo "1175"]
[BlackElo "939"]
[PlyCount "21"]
[EventDate "1999.12.18"]

1. e4 e5 2. Nf3 d5 3. Nxe5 dxe4 4. Bc4 Nh6 5. d4 f6 6. Bxh6 fxe5 7. Qh5+ Kd7 8.
Qf7+ Qe7 9. O-O Kc6 10. Qd5+ Kb6 11. Qb5# 1-0

[Event "Michigan Action"]
[Site "Detroit, MI"]
[Date "1999.12.18"]
[Round "6"]
[White "Hershberger, Kent"]
[Black "Mailing, Don"]
[Result "0-1"]
[WhiteElo "982"]
[BlackElo "1295"]
[PlyCount "104"]
[EventDate "1999.12.18"]

1. c4 c5 2. e4 e6 3. d3 Nc6 4. Nf3 Nd4 5. Be3 d5 6. exd5 exd5 7. Nxd4 cxd4 8.
Bxd4 dxc4 9. dxc4 Nf6 10. Bd3 Qxd4 11. c5 Bxc5 12. O-O O-O 13. Qe2 Bg4 14. Qc2
Rae8 15. Nd2 g6 16. Nb3 Qd6 17. Nxc5 Rc8 18. Nxb7 Rxc2 19. Nxd6 Rd2 20. Nxf7
Kxf7 21. Bc4+ Be6 22. Bxe6+ Kxe6 23. Rfe1+ Kf7 24. b4 Kg8 25. Rac1 Rfd8 26. h3
Nh5 27. Rc7 Rd1 28. Rxd1 Rxd1+ 29. Kh2 Rd2 30. Rxa7 Rxf2 31. b5 Rb2 32. a4 Nf6
33. Rb7 Nd5 34. a5 Nb4 35. b6 Na6 36. Ra7 Nc5 37. a6 Rxb6 38. Ra8+ Kg7 39. a7
Ra6 40. Kg3 Kh6 41. h4 Ne6 42. Kf3 Nc7 43. Rd8 Rxa7 44. Kf4 Ne6+ 45. Kf3 Nxd8
46. g4 Ra3+ 47. Ke2 g5 48. hxg5+ Kxg5 49. Kd2 Kxg4 50. Kc2 Kf4 51. Kb2 Rg3 52.
Kc2 Ke4 0-1

[Event "Kalamazoo December Mini-Swiss.3"]
[Site "Kalamazoo, MI"]
[Date "1999.12.18"]
[Round "1"]
[White "Henkel, Scott"]
[Black "Dimon, Richard"]
[Result "1-0"]
[WhiteElo "1365"]
[BlackElo "1000"]
[PlyCount "81"]
[EventDate "1999.12.18"]

1. b4 d5 2. Bb2 Bf5 3. b5 c6 4. a4 e6 5. e3 Nf6 6. Nf3 Bb4 7. Nc3 O-O 8. Nd4
Bg4 9. Be2 Bxe2 10. Qxe2 Ne4 11. Nxe4 dxe4 12. c3 Ba5 13. Nb3 b6 14. Nxa5 bxa5
15. Qc4 Qh4 16. bxc6 Qg5 17. Qxe4 Na6 18. h4 Qf6 19. Qd4 e5 20. Qd5 Qe7 21. Ba3
Qd8 22. Qxd8 Rfxd8 23. Rb1 Rac8 24. Rb5 Rxc6 25. Rxe5 Rcd6 26. Bxd6 Rc8 27.
Rxa5 Rc6 28. Bg3 Nc5 29. Rxa7 g6 30. Ra8+ Kg7 31. Be5+ Kh6 32. Bf4+ Kg7 33. h5
Nd3+ 34. Ke2 Nxf4+ 35. exf4 Re6+ 36. Kd3 Rd6+ 37. Kc2 Re6 38. h6+ Kf6 39. g4
Re2 40. Ra6+ Ke7 41. Rb1 1-0

[Event "Kalamazoo December Mini-Swiss.3"]
[Site "Kalamazoo, MI"]
[Date "1999.12.18"]
[Round "3"]
[White "Henkel, Scott"]
[Black "Culver, Daniel"]
[Result "0-1"]
[WhiteElo "1365"]
[BlackElo "993"]
[PlyCount "123"]
[EventDate "1999.12.18"]

1. b4 Nf6 2. Bb2 e6 3. b5 c5 4. c4 d5 5. e3 Nbd7 6. Nf3 Nb6 7. Ne5 Bd6 8. Na3
Be7 9. Qb3 Ne4 10. d3 dxc4 11. Naxc4 Nxc4 12. Nxc4 Nf6 13. Be2 O-O 14. Qc3 Qd5
15. Bf3 Qg5 16. h4 Qg6 17. Ne5 Qf5 18. e4 Qf4 19. Bc1 Nd5 20. exd5 Qf6 21. Bb2
exd5 22. Bxd5 Bf5 23. Be4 Bxe4 24. dxe4 a5 25. Nd7 Qh6 26. Nxf8 c4 27. Nd7 Bb4
28. Qxb4 axb4 29. Rd1 c3 30. Bc1 Qe6 31. Nc5 Qxa2 32. Nxb7 c2 33. Rd2 b3 34.
O-O Qa1 35. Nd6 b2 36. Rxc2 b1=Q 37. Rc7 Qf6 38. Ba3 Qb3 39. Rfc1 Qd8 40. Nxf7
Qxh4 41. Ne5 Qxa3 42. Rc8+ Rxc8 43. Rxc8+ Qf8 44. Rxf8+ Kxf8 45. Nd7+ Ke7 46.
Nb6 Qxe4 47. g3 g5 48. Nc8+ Kd8 49. Na7 Qb7 50. Nc6+ Kc7 51. Nd4 h6 52. Nf5 h5
53. Nd4 Qd5 54. Nc6 Qxb5 55. Ne7 Qb1+ 56. Kh2 Kd7 57. Nd5 Qf1 58. Nf6+ Ke6 59.
Ne4 g4 60. Ng5+ Kf5 61. Nf3 Qxf2+ 62. Kh1 0-1

[Event "Michigan Women's"]
[Site "Detroit, MI"]
[Date "1999.12.18"]
[Round "1"]
[White "Haugabook, Rashida"]
[Black "Moore, Stacey"]
[Result "0-1"]
[WhiteElo "317"]
[BlackElo "1053"]
[PlyCount "40"]
[EventDate "1999.12.18"]

1. e4 e5 2. Bc4 Nf6 3. Nf3 Bc5 4. O-O d6 5. c3 Bg4 6. Qe1 O-O 7. a3 Re8 8. b4
Bb6 9. d4 exd4 10. cxd4 Nxe4 11. Bxf7+ Kxf7 12. Qd1 Rg8 13. a4 c5 14. a5 Bc7
15. dxc5 dxc5 16. bxc5 Nxc5 17. Bg5 Bxf3 18. Bxd8 Bxd1 19. Rxd1 Rxd8 20. a6
Rxd1# 0-1

[Event "Michigan Women's"]
[Site "Detroit, MI"]
[Date "1999.12.18"]
[Round "3"]
[White "Haugabook, Rashida"]
[Black "Coleman, Keyanna"]
[Result "0-1"]
[WhiteElo "317"]
[BlackElo "333"]
[PlyCount "22"]
[EventDate "1999.12.18"]

1. e4 e5 2. Bc4 Nc6 3. Qh5 g6 4. Qd1 h6 5. Nf3 f6 6. Bxg8 Rxg8 7. Nh4 d6 8. Nf5
gxf5 9. exf5 Bxf5 10. d3 d5 11. b3 e4 {[Remainder illegible]} 0-1

[Event "Michigan Action"]
[Site "Detroit, MI"]
[Date "1999.12.18"]
[Round "4"]
[White "Haugabook, Ibrahim"]
[Black "Zabowski, Vincent"]
[Result "0-1"]
[WhiteElo "554"]
[BlackElo "986"]
[PlyCount "84"]
[EventDate "1999.12.18"]

1. e4 e5 2. Bc4 Nf6 3. d3 Nc6 4. Bg5 h6 5. Bxf6 Qxf6 6. Nc3 Bb4 7. Nf3 Nd4 8.
O-O b5 9. Bd5 c6 10. Bb3 Nxb3 11. cxb3 d6 12. Re1 Qg6 13. Re3 Bh3 14. Nh4 Qf6
15. Re2 Qxh4 16. gxh3 Qxh3 17. Re3 Qg4+ 18. Qxg4 O-O 19. Rg3 g6 20. Ne2 Rae8
21. h4 h5 22. Qg5 d5 23. Rh3 Be7 24. Qxe5 Bxh4 25. Rxh4 Rxe5 26. Rc1 Rc8 27.
Ng3 c5 28. f4 Ree8 29. Nxh5 gxh5 30. Rc2 dxe4 31. Rch2 exd3 32. Rxh5 Kf8 33.
Rh8+ Ke7 34. f5 Rxh8 35. Rd2 Rcd8 36. a3 Rh5 37. Rf2 Kf6 38. b4 d2 39. Rxd2
Rxd2 40. bxc5 Rxf5 41. c6 Rc5 42. b4 Rc1# 0-1

[Event "Michigan Action"]
[Site "Detroit, MI"]
[Date "1999.12.18"]
[Round "3"]
[White "Haugabook, Ibrahim"]
[Black "Walkenbach, Richard"]
[Result "0-1"]
[WhiteElo "554"]
[BlackElo "795"]
[PlyCount "52"]
[EventDate "1999.12.18"]

1. e4 e5 2. Bc4 Nf6 3. f3 d5 4. Bb5+ Bd7 5. Bd3 Nc6 6. Nh3 Bd6 7. O-O Bc5+ 8.
Nf2 dxe4 9. fxe4 Be6 10. Nc3 Qd7 11. Re1 Bg4 12. Re2 Bxe2 13. Bxe2 O-O 14. d3
Nd4 15. Bf1 Rae8 16. Bg5 Re6 17. Bxf6 Rxf6 18. Qh5 Rh6 19. Qd1 Qe6 20. Nd5 c6
21. Nc7 Qf6 22. Nd5 cxd5 23. exd5 Rd8 24. Ne4 Nf3+ 25. Kh1 Qf4 26. gxf3 Qxh2#
0-1

[Event "Michigan Action"]
[Site "Detroit, MI"]
[Date "1999.12.18"]
[Round "6"]
[White "Hartsfield, Jonathan"]
[Black "Wilder, Derek"]
[Result "1-0"]
[WhiteElo "868"]
[BlackElo "549"]
[PlyCount "42"]
[EventDate "1999.12.18"]

1. e4 e5 2. Bc4 Nf6 3. d3 d5 4. exd5 Nxd5 5. Qh5 Be6 6. Qxe5 Bb4+ 7. Nc3 Nxc3
8. bxc3 Nc6 9. Qxg7 Rf8 10. Bb2 Bxc4 11. dxc4 Qd7 12. cxb4 Rd8 13. Qxh7 Qd2+
14. Kf1 Nxb4 15. Qe4+ Kd7 16. Rd1 Rde8 17. Qg4+ Re6 18. Rxd2+ Kc6 19. Qf3+ Kc5
20. Ne2 Kxc4 21. Qc3+ Kb5 1-0

[Event "Michigan Action"]
[Site "Detroit, MI"]
[Date "1999.12.18"]
[Round "1"]
[White "Hartsfield, Jonathan"]
[Black "Rucker, Ed"]
[Result "0-1"]
[WhiteElo "868"]
[BlackElo "1081"]
[PlyCount "88"]
[EventDate "1999.12.18"]

1. e4 e6 2. Bc4 d5 3. Bd3 Nc6 4. exd5 exd5 5. c4 Nf6 6. Nf3 Bg4 7. Nc3 d4 8.
Ne4 Bd6 9. O-O O-O 10. c5 Be5 11. Bc4 Nxe4 12. d3 Nf6 13. Bg5 Qe7 14. Re1 Qxc5
15. Bxf6 Bxf6 16. Re4 Ne5 17. Bb3 Rae8 18. Rc1 Qb6 19. h3 Bh5 20. g4 Bg6 21.
Nxd4 Bxe4 22. dxe4 Rd8 23. Rc2 Rxd4 24. Qc1 c6 25. Qe3 Rd1+ 26. Kg2 Qxe3 27.
fxe3 Rfd8 28. Rf2 R1d2 29. Rxd2 Rxd2+ 30. Kf1 Rxb2 31. Ke1 c5 32. Kd1 c4 33.
Ba4 b5 34. Bc2 Rxa2 35. Kc1 Rxc2+ 36. Kxc2 Nd3 37. Kd2 a5 38. Kc2 a4 39. Kb1 a3
40. Ka2 b4 41. e5 Bxe5 42. g5 c3 43. Kb1 b3 44. g6 c2# 0-1

[Event "Michigan Action"]
[Site "Detroit, MI"]
[Date "1999.12.18"]
[Round "4"]
[White "Hartsfield, Jonathan"]
[Black "Mailing, Don"]
[Result "0-1"]
[WhiteElo "868"]
[BlackElo "1295"]
[PlyCount "60"]
[EventDate "1999.12.18"]

1. e4 e6 2. d4 d5 3. Nc3 c5 4. Nf3 Nc6 5. Bb5 Bd7 6. O-O a6 7. Be2 cxd4 8. Nxd4
dxe4 9. Nxe4 Be7 10. b3 Nf6 11. Nc3 O-O 12. Bb2 Rc8 13. Nf3 e5 14. Bd3 Bg4 15.
Be2 Qc7 16. Nd5 Nxd5 17. Qxd5 Rcd8 18. Qe4 f5 19. Qc4+ Kh8 20. Bxe5 Bd6 21.
Rad1 Bxf3 22. Bxf3 Nxe5 23. Qh4 Nxf3+ 24. gxf3 Be7 25. Rxd8 Qxd8 26. Qf4 Bd6
27. Qc4 b5 28. Qc3 Qg5+ 29. Kh1 Qf4 30. Qe5 Bxe5 0-1

[Event "Kalamazoo December Mini-Swiss.2"]
[Site "Kalamazoo, MI"]
[Date "1999.12.18"]
[Round "2"]
[White "Grovenburgh, Norm"]
[Black "Kilburn, Gregory"]
[Result "1/2-1/2"]
[WhiteElo "939"]
[BlackElo "1157"]
[PlyCount "120"]
[EventDate "1999.12.18"]

1. e4 c5 2. d4 cxd4 3. Qxd4 Nc6 4. Qd5 Nf6 5. Qd3 d5 6. exd5 Nxd5 7. c3 e5 8.
Qe4 a6 9. f4 f5 10. Qe2 e4 11. Qd1 Nce7 12. Qa4+ b5 13. Bxb5+ Bd7 14. c4 axb5
15. Qb3 bxc4 16. Qd1 Nb4 17. Nc3 Nd3+ 18. Kf1 Ng6 19. g3 Qb6 20. Nh3 Bc6 21.
Qe2 Bc5 22. Nd1 O-O 23. Be3 Bxe3 24. Qxe3 Qxe3 25. Nxe3 Nxb2 26. Ke2 Rfd8 27.
Nxf5 e3 28. Rhc1 Rd2+ 29. Kxe3 Rxh2 30. Ng5 Re8+ 31. Kd4 h6 32. Nd6 hxg5 33.
Nxe8 Bxe8 34. Rab1 gxf4 35. gxf4 Nxf4 36. Re1 Bf7 37. Re7 Kf8 38. Ra7 Nfd3 39.
Ra8+ Ke7 40. a4 c3 41. Kxc3 g5 42. Rf1 Nf4 43. Ra7+ Kf6 44. Ra6+ Kf5 45. Ra5+
Kg4 46. Rg1+ Kh4 47. Rgxg5 Nxa4+ 48. Kb4 Nb2 49. Rgf5 Nbd3+ 50. Kc3 Bg6 51. Rf8
Rf2 52. Ra4 Rf3 53. Rh8+ Bh5 54. Kd2 Rf2+ 55. Ke3 Kg3 56. Rg8+ Bg4 57. Ra3 Rf3+
58. Kd4 Ne6+ 59. Kc3 Ndf4+ 60. Kb4 Rxa3 1/2-1/2

[Event "Kalamazoo December Mini-Swiss.2"]
[Site "Kalamazoo, MI"]
[Date "1999.12.18"]
[Round "3"]
[White "Griffin, John"]
[Black "Kotman, Stuart"]
[Result "0-1"]
[WhiteElo "1500"]
[BlackElo "1364"]
[PlyCount "82"]
[EventDate "1999.12.18"]

1. d4 Nf6 2. c4 e6 3. Nf3 b6 4. g3 Bb7 5. Bg2 Bb4+ 6. Bd2 Be7 7. O-O d6 8. Nc3
Nbd7 9. Qc2 c5 10. e4 cxd4 11. Nxd4 a6 12. Rac1 Qc7 13. b3 Rc8 14. Qb1 O-O 15.
Rfe1 Qc5 16. Be3 Qc7 17. f4 Ng4 18. f5 Nxe3 19. Rxe3 Bg5 20. Rce1 Bxe3+ 21.
Rxe3 e5 22. Nc2 Nf6 23. Nd5 Bxd5 24. exd5 Ng4 25. Re2 Qc5+ 26. Kh1 Nf2+ 27. Kg1
Ne4+ 28. Re3 Nf6 29. h3 b5 30. Bf1 bxc4 31. bxc4 Rb8 32. Qc1 Rb6 33. Qa3 Qxa3
34. Nxa3 Nd7 35. Be2 Nc5 36. Bd1 Rb2 37. Re2 Rxe2 38. Bxe2 Rb8 39. Nc2 Rb2 40.
Bd1 Rxa2 41. Nb4 Ra1 0-1

[Event "Kalamazoo December Mini-Swiss.2"]
[Site "Kalamazoo, MI"]
[Date "1999.12.18"]
[Round "1"]
[White "Griffin, John"]
[Black "Higgins, Richard"]
[Result "1-0"]
[WhiteElo "1500"]
[BlackElo "1175"]
[PlyCount "81"]
[EventDate "1999.12.18"]

1. d4 d5 2. c4 e6 3. Nf3 Nf6 4. g3 c6 5. Bg2 Nbd7 6. Nbd2 Qa5 7. O-O Be7 8. a3
h5 9. b4 Qc7 10. Re1 h4 11. Qc2 hxg3 12. fxg3 Nf8 13. Nf1 Ng6 14. cxd5 exd5 15.
Ng5 Ng4 16. e4 Nxh2 17. Nxf7 Kxf7 18. Qf2+ Kg8 19. Nxh2 Bh3 20. Bxh3 Rxh3 21.
Qg2 Rxg3 22. Ra2 Rxg2+ 23. Rxg2 Rf8 24. Rxg6 Rf6 25. Rg4 Rf7 26. e5 Qb6 27. Kg2
a5 28. e6 Rf5 29. Nf3 axb4 30. axb4 Qxb4 31. Bh6 Qb2+ 32. Kg1 g5 33. Rg2 Qb6
34. Bxg5 Kf8 35. Bh6+ Ke8 36. Rg8+ Rf8 37. Bxf8 Qb4 38. Bh6+ Bf8 39. e7 Qxe1+
40. Nxe1 Kf7 41. exf8=Q+ 1-0

[Event "Michigan Action"]
[Site "Detroit, MI"]
[Date "1999.12.18"]
[Round "3"]
[White "Gramlich, Allen"]
[Black "Skidmore, Jennifer"]
[Result "0-1"]
[WhiteElo "1509"]
[BlackElo "1889"]
[PlyCount "72"]
[EventDate "1999.12.18"]

1. e4 e5 2. Nf3 d6 3. h3 Nf6 4. Nc3 c6 5. Bc4 Be7 6. d4 exd4 7. Nxd4 O-O 8. Bf4
b5 9. Bb3 a6 10. O-O c5 11. Ndxb5 axb5 12. Nxb5 Ba6 13. c4 Bxb5 14. cxb5 Qb6
15. a4 Nbd7 16. Qd3 Nh5 17. Bh2 Nhf6 18. Rfd1 Ne8 19. Bc2 Ne5 20. Qc3 Bf6 21.
Qd2 Nc4 22. Qd5 Nxb2 23. Qxa8 Nxd1 24. Rxd1 Bd4 25. Qd5 Qc7 26. Re1 Qa5 27. Re2
Qc3 28. Bxd6 Nxd6 29. Qxd6 Qa1+ 30. Re1 Qxe1+ 31. Kh2 Qxf2 32. Qg3 Qxc2 33. a5
Qxe4 34. b6 Be5 35. Qxe5 Qxe5+ 36. Kh1 Rd8 0-1

[Event "Michigan Action"]
[Site "Detroit, MI"]
[Date "1999.12.18"]
[Round "5"]
[White "Gramlich, Allen"]
[Black "Menczer, David"]
[Result "1-0"]
[WhiteElo "1509"]
[BlackElo "1325"]
[PlyCount "62"]
[EventDate "1999.12.18"]

1. e4 d5 2. exd5 Qxd5 3. Nc3 Qa5 4. Bc4 Nf6 5. d3 Bf5 6. Nf3 e6 7. O-O c6 8.
Bd2 Nbd7 9. Re1 Qc7 10. h3 Bd6 11. Ng5 h6 12. Nge4 Nxe4 13. Nxe4 Bxe4 14. Rxe4
Nf6 15. Re2 g5 16. Bc3 Qe7 17. Qe1 O-O-O 18. Bxe6+ fxe6 19. Rxe6 Qd7 20. Bxf6
Rdf8 21. Bxh8 Rxh8 22. Qe2 Rh7 23. Re1 b5 24. Qg4 Kc7 25. Kh1 a5 26. Qd4 a4 27.
Qa7+ Kd8 28. Re8+ Qxe8 29. Rxe8+ Kxe8 30. Qxh7 Bf8 31. Qg8 c5 1-0

[Event "Michigan Action"]
[Site "Detroit, MI"]
[Date "1999.12.18"]
[Round "1"]
[White "Gramlich, Allen"]
[Black "Cornell, Josh"]
[Result "1-0"]
[WhiteElo "1509"]
[BlackElo "686"]
[PlyCount "91"]
[EventDate "1999.12.18"]

1. e4 e5 2. Nf3 Nc6 3. Bc4 Bc5 4. c3 Nf6 5. d4 exd4 6. cxd4 Bb4+ 7. Nc3 d6 8.
Ng5 Be6 9. Nxe6 fxe6 10. Bxe6 Qe7 11. d5 Nd8 12. Qa4+ c6 13. Qxb4 Nxe6 14. dxe6
Qxe6 15. Qxb7 O-O 16. Qxc6 Rac8 17. Qa4 d5 18. O-O Nxe4 19. Nxe4 dxe4 20. Qb3
Rc4 21. Be3 a5 22. Rac1 Rfc8 23. Rxc4 Rxc4 24. Rc1 Rxc1+ 25. Bxc1 Qxb3 26. axb3
Kf7 27. Bd2 Ke6 28. Bxa5 Kd5 29. Kf1 Kc5 30. Ke2 Kb5 31. Bc3 g5 32. Ke3 h5 33.
Kxe4 Kc5 34. Kf5 g4 35. Kg5 g3 36. hxg3 h4 37. gxh4 Kd6 38. Kf6 Kd7 39. h5 Ke8
40. Kg7 Ke7 41. h6 Ke6 42. h7 Ke7 43. h8=Q Ke6 44. Qg8+ Kf5 45. Qf7+ Ke4 46.
Qf3# 1-0

[Event "Michigan Women's"]
[Site "Detroit, MI"]
[Date "1999.12.18"]
[Round "3"]
[White "Gaskins, Jaquese"]
[Black "Thompson, Shereece"]
[Result "0-1"]
[WhiteElo "642"]
[BlackElo "779"]
[PlyCount "30"]
[EventDate "1999.12.18"]

1. e4 e5 2. Nf3 Nc6 3. c3 Bc5 4. Nh4 Qxh4 5. Qe2 Nf6 6. g3 Qxe4 7. d3 Qxh1 8.
Qxe5+ Nxe5 9. Bd2 Nf3+ 10. Kd1 Qxf1+ 11. Be1 Qxe1+ 12. Kc2 Qxf2+ 13. Kc1 O-O
14. b3 Re8 15. Na3 Re1# 0-1

[Event "Michigan Women's"]
[Site "Detroit, MI"]
[Date "1999.12.18"]
[Round "2"]
[White "Gaskins, Jaquese"]
[Black "Haugabook, Rashida"]
[Result "1-0"]
[WhiteElo "648"]
[BlackElo "317"]
[PlyCount "37"]
[EventDate "1999.12.18"]

1. e4 e5 2. Bc4 Bc5 3. Qf3 Nf6 4. Ne2 a6 5. O-O b5 6. Bd5 O-O 7. Bxa8 c6 8.
Bxc6 dxc6 9. d4 Bxd4 10. Nxd4 exd4 11. Rd1 Be6 12. Be3 Nxe4 13. Qxe4 dxe3 14.
Rxd8 Rxd8 15. Qh4 Rf8 16. fxe3 Bxa2 17. Rxa2 b4 18. c3 b3 19. Ra4 1-0

[Event "Michigan Action"]
[Site "Detroit, MI"]
[Date "1999.12.18"]
[Round "1"]
[White "Feller, Brad"]
[Black "Sanborn, Richard"]
[Result "0-1"]
[WhiteElo "839"]
[BlackElo "1734"]
[PlyCount "64"]
[EventDate "1999.12.18"]

1. e4 e5 2. Nf3 Nc6 3. Bc4 Bc5 4. O-O Nf6 5. Nc3 O-O 6. d3 h6 7. h3 d6 8. Nd5
a6 9. Nxf6+ Qxf6 10. c3 Be6 11. Bxe6 fxe6 12. Qe2 g5 13. Be3 Ba7 14. Bxa7 Rxa7
15. Nd2 Qg6 16. Nc4 Raa8 17. g3 Rf7 18. Rad1 Qg7 19. Rd2 Raf8 20. Kg2 Kh7 21.
Qe3 h5 22. Qe2 Kg6 23. Ne3 Qf6 24. a3 b5 25. Rc2 Kh6 26. g4 h4 27. f3 Qf4 28.
Qf2 Kg6 29. Re2 Rh8 30. Rh1 Qf6 31. Rf1 Qd8 32. Nc2 Rhf8 0-1

[Event "Michigan Action"]
[Site "Detroit, MI"]
[Date "1999.12.18"]
[Round "5"]
[White "Feller, Brad"]
[Black "McCrandell, James"]
[Result "0-1"]
[WhiteElo "839"]
[BlackElo "1101"]
[PlyCount "50"]
[EventDate "1999.12.18"]

1. e4 e5 2. Nf3 Nc6 3. Bc4 Bc5 4. d3 Nf6 5. Bg5 Be7 6. d4 Nxe4 7. Bxe7 Qxe7 8.
dxe5 Nxe5 9. Nxe5 Qxe5 10. Qe2 O-O 11. Nc3 Re8 12. O-O Nxc3 13. Qxe5 Rxe5 14.
bxc3 b6 15. Rfe1 Rxe1+ 16. Rxe1 Kf8 17. Bd5 Rb8 18. Re3 Bb7 19. Bxb7 Rxb7 20.
Rd3 c6 21. Rh3 h6 22. Rd3 Ke7 23. f3 Rc7 24. Re3+ Kd6 25. Rd3+ Ke6 0-1

[Event "Kalamazoo December Mini-Swiss.1"]
[Site "Kalamazoo, MI"]
[Date "1999.12.18"]
[Round "3"]
[White "Farmand, Farnood"]
[Black "Rutgers, Randy"]
[Result "1-0"]
[WhiteElo "1593"]
[BlackElo "1575"]
[PlyCount "39"]
[EventDate "1999.12.18"]

1. d4 c5 2. d5 e6 3. dxe6 fxe6 4. e4 Nc6 5. Nf3 d6 6. Bc4 Be7 7. O-O Bf6 8. Re1
Nge7 9. Ng5 Bxg5 10. Bxg5 O-O 11. Nc3 a6 12. Qg4 d5 13. exd5 exd5 14. Qh4 dxc4
15. Bxe7 Nxe7 16. Rxe7 Qd2 17. Qxc4+ Kh8 18. Qf7 Qxf2+ 19. Qxf2 Rxf2 20. Kxf2
1-0